| 000 | 01305cam a22002534a 4500 | ||
|---|---|---|---|
| 001 | 14599113 | ||
| 005 | 20260120070712.0 | ||
| 008 | 061017s2006 nyua b 001 0 eng | ||
| 020 |
_a9780465056521 _q(pbk.) |
||
| 020 |
_a0465056520 _q(pbk.) |
||
| 082 | _a618.9289 PER | ||
| 100 | 1 | _aPerry, Bruce D. | |
| 245 | 1 | 4 |
_aThe boy who was raised as a dog : _band other stories from a child psychiatrist's notebook : what traumatized children can teach us about loss, love, and healing / _cBruce D. Perry and Maia Szalavitz. |
| 260 |
_aNew York : _bBasic Books, _c2006. |
||
| 300 |
_aix, 275 p. : _bill. ; _c25 cm. |
||
| 505 | 0 | _aTina's world -- For your own good -- Stairway to heaven -- Skin hunger -- The coldest heart -- The boy who was raised as a dog -- Satanic panic -- The raven -- "Mom is lying. Mom is hurting me. Please call the police" -- The kindness of children -- Healing communities. | |
| 650 | 0 |
_aChild psychiatry _vPopular works. |
|
| 650 | 0 |
_aPsychic trauma in children _vCase studies. |
|
| 650 | 1 | 2 |
_aStress Disorders, Post-Traumatic _xtherapy _vCase Reports. |
| 655 | 7 |
_aCase studies. _2lcgft _0https://id.loc.gov/authorities/genreForms/gf2017026140 |
|
| 700 | 1 | _aSzalavitz, Maia. | |
| 856 | 4 | 1 |
_3Table of contents _uhttp://www.loc.gov/catdir/toc/ecip073/2006034440.html |
| 942 |
_2ddc _cBK |
||
| 999 |
_c41470 _d41470 |
||